| 000 | 01371cam a2200349 i 4500 | ||
|---|---|---|---|
| 001 | 200442652 | ||
| 999 |
_c200442652 _d60864 |
||
| 003 | TR-AnTOB | ||
| 005 | 20240904093333.0 | ||
| 007 | ta | ||
| 008 | 980105s1979 tu 000 0 tur d | ||
| 040 |
_aBGZ _beng _erda _cBGZ _dTR-AnTOB |
||
| 041 | 0 | _atur | |
| 050 | 1 | 4 |
_aHC241 _b.T874 1979 |
| 090 |
_aHC241 _b.T874 1979 |
||
| 100 | 1 |
_aTurhan, M. Nevres _eauthor _9131928 |
|
| 245 | 1 | 0 |
_aSanayileşme düzeyleri farklı ülkelerarası iktisadi bütünleşmeye doğru / _cDoç. M. Nevres Turhan. |
| 246 | 3 | 4 | _aSanayileşme düzeyleri farklı uluslararası iktisadi bütünleşmeye doğru. |
| 264 | 3 |
_aAnkara : _bKalite Matbaası, _c[1979]. |
|
| 300 |
_axxxviii, 782 pages : _btables, graphics ; _c24 cm |
||
| 336 |
_atext _btxt _2rdacontent |
||
| 337 |
_aunmediated _bn _2rdamedia |
||
| 338 |
_avolume _bnc _2rdacarrier |
||
| 500 | _aCover title: Sanayileşme düzeyleri farklı uluslararası iktisadi bütünleşmeye doğru. | ||
| 610 | 2 | 0 |
_aEuropean Economic Community _zDeveloping countries _923488 |
| 650 | 7 |
_aEndüstriler _zGelişmekte olan ülkeler _2etuturkob _9132333 |
|
| 650 | 0 |
_aUluslararası ekonomik bütünleşme _9130183 |
|
| 650 | 7 |
_aEkonomik kalkınma _2etuturkob _99621 |
|
| 651 | 7 |
_aGelişmekte olan ülkeler _xEkonomik bütünleşme _2etuturkob _9133125 |
|
| 942 |
_2lcc _cBK |
||